00886nam a2200205 a 4500008004100000020001500041050002200056100004600078245007600124260004400200300001700244350000900261500004000270650002400310650005400334650005700388995008800445999001700533952013000550060316s1992 ||||||||||||||||| || u a0415060788 aLB 2826.6.D44 Jon aJones, Phillip W. (Phillip Worner), 1949-10aWorld Bank financing of education : lending, learning, and development  aLondon:bRoutledge and Kegan Paulc1992 axxii, 285 p. a0.00 aIncludes bibliographical references aWORLD BANK--HISTORY aEDUCATION--DEVELOPING COUNTRIES--FINANCE--HISTORY aEDUCATION--DEVELOPING COUNTRIES--FINANCE--STATISTICS D0.00FCBU-MAIN LIBRARY (Kitwe)H1I35.00M1UAVAILABLEZAnnex Low-Usage Collection  c61997d61997 00102lcc4070a001b001cAnnex Low-Usage Collection d2022-11-30l0oLB 2826.6.D44 Jonp009194r2022-11-30w2022-11-30y002